| 000 | 01064ntm a2200265 a 4500 | ||
|---|---|---|---|
| 001 | 85152 | ||
| 003 | BD-RjUL | ||
| 005 | 20250810140515.0 | ||
| 008 | 250709s2024 bg a|||| m||| 00| 0 eng d | ||
| 035 | _a(BD-RjUL)85152 | ||
| 040 |
_aBD-RjUL _beng _cBD-RjUL _dBD-RjUL |
||
| 041 | _aeng | ||
| 082 |
_223 _a338.4791095492 _bKHT 2024 |
||
| 100 |
_aKhanom, Shahida _915942 |
||
| 245 | 1 | 0 |
_aTourism development and livelihoods of local communities in protected areas of Bangladesh / _cby Shahida Khanom ; _6Suvervisor : Md. Mahbubur Rahman _6Co-Suvervisor : Md. Faridul Islam |
| 260 |
_aRajshahi : _bInstitute of Bangladesh Studies, University of Rajshahi, _c2024 |
||
| 300 |
_axviii, 182, 21 pages : _billustrations ; _c29 cm. |
||
| 502 | _aThesis (Ph.D.) -- Institute of Bangladesh Studies, University of Rajshahi, 2024 | ||
| 504 | _aBibliography: leaves [11-14] | ||
| 650 |
_aTourism _zBangladesh |
||
| 650 | _aEconomic development. | ||
| 700 |
_aRahman, Md. Mahbubur Suvervisor _9633 |
||
| 700 |
_aIslam, Md. Faridul Co-Suvervisor _915943 |
||
| 942 |
_2ddc _cTHE |
||
| 999 |
_c85152 _d85152 |
||